00333nam a2200133Ia 4500008004100000020001800041041000800059082001700067245002100084250000600105260004100111300001300152650003400165210716s2005 xx 000 0 und d a9781403926661 aeng a332.632 RISK aRisk management. a1 aNew DelhibMacmillan India Ltdc2005 aviii,345 aRisk Management & Derivatives